La Fase Intermedia en el sistema Penal Acusatorio Panameño: (Registro nro. 4197)
[ vista simple ]
| 000 -CABECERA | |
|---|---|
| Campo de control de longitud fija | 01249nam a22003737a 4500 |
| 003 - IDENTIFICADOR DEL NÚMERO DE CONTROL | |
| Campo de control | OSt |
| 005 - FECHA Y HORA DE LA ÚLTIMA TRANSACCIÓN | |
| Campo de control | 20260421102639.0 |
| 007 - CAMPO FIJO DE DESCRIPCIÓN FÍSICA | |
| Campo de control de longitud fija | Texto |
| 008 - CÓDIGOS DE INFORMACIÓN DE LONGITUD FIJA | |
| Campo de control de longitud fija | 260421b xxu||||| |||| 00| 0 eng d |
| 020 ## - NÚMERO INTERNACIONAL NORMALIZADO PARA LIBROS (ISBN) | |
| Número Internacional Normalizado para Libros (ISBN) | 9789962857600 |
| 040 ## - FUENTE DE LA CATALOGACIÓN | |
| Centro catalogador de origen | BIESPA |
| Lengua de catalogación | spa |
| Centro transcriptor | BIESPA |
| 041 ## - CÓDIGO DE LENGUA | |
| Código de lengua del texto/banda sonora o título independiente | spa |
| 082 ## - NÚMERO DE LA CLASIFICACIÓN DECIMAL DEWEY | |
| Número de edición | 21 |
| Número de clasificación | 345.7287 |
| Número de documento | K95 |
| 100 ## - PUNTO DE ACCESO PRINCIPAL - NOMBRE DE PERSONA | |
| Nombre de persona | Kuan Guerrero, Juan Antonio |
| 245 ## - MENCIÓN DE TÍTULO | |
| Título | La Fase Intermedia en el sistema Penal Acusatorio Panameño: |
| Resto del título | Guía de Litigación |
| Mención de responsabilidad etc. | Juan Antonio Kuan Guerrero. |
| 260 ## - PUBLICATION, DISTRIBUTION, ETC. (IMPRINT) | |
| Lugar de publicación distribución etc. | Panamá,: |
| Fecha de publicación distribución etc. | Ibañez |
| Nombre del editor distribuidor etc. | 2021 |
| 300 ## - DESCRIPCIÓN FÍSICA | |
| Extensión | 172 páginas, |
| Dimensiones | 23 cm, cuadros |
| 336 ## - TIPO DE CONTENIDO | |
| Fuente | rdacontent |
| Término de tipo de contenido | texto |
| Código de tipo de contenido | txt |
| 337 ## - TIPO DE MEDIO | |
| Fuente | rdamedia |
| Nombre del tipo de medio | no mediado |
| Código del tipo de medio | n |
| 338 ## - TIPO DE SOPORTE | |
| Fuente | rdacarrier |
| Nombre del tipo de soporte | volumen |
| Código del tipo de soporte | nc |
| 440 ## - MENCIÓN DE SERIE/ASIENTO SECUNDARIO—TÍTULO [OBSOLETO] | |
| Título | Ejemplar No.3115 Ubicación Derecho Penal. |
| 500 ## - NOTA GENERAL | |
| Nota general | Version original en español. Contiene índica analítico. |
| 650 ## - PUNTO DE ACCESO ADICIONAL DE MATERIA - TÉRMINO DE MATERIA | |
| Fuente del encabezamiento o término | Tesauros |
| Término de materia o nombre geográfico como elemento inicial | Derecho Procesal Penal |
| Fuente del encabezamiento o término | Tesauros |
| Término de materia o nombre geográfico como elemento inicial | Sobreseimiento |
| Fuente del encabezamiento o término | Tesauros |
| Término de materia o nombre geográfico como elemento inicial | Defensa |
| Fuente del encabezamiento o término | Tesauros |
| Término de materia o nombre geográfico como elemento inicial | Litigación |
| Fuente del encabezamiento o término | Tesauros |
| Término de materia o nombre geográfico como elemento inicial | Medidas cautelares |
| Fuente del encabezamiento o término | Tesauros |
| Término de materia o nombre geográfico como elemento inicial | Medidas cautelares |
| Fuente del encabezamiento o término | Tesauros |
| Término de materia o nombre geográfico como elemento inicial | Admisibilidad |
| 700 ## - PUNTO DE ACCESO ADICIONAL - NOMBRE DE PERSONA | |
| Código de función | Autores Invitados |
| Nombre de persona | Carlos Barragán Quiroz, Ruth Cecilia Aizpú Ramos. |
| 856 ## - LOCALIZACIÓN Y ACCESO ELECTRÓNICOS | |
| Texto del enlace | Índice |
| 942 ## - ENTRADA PARA ELEMENTOS AGREGADOS (KOHA) | |
| Fuente de clasificación o esquema de ordenación en estanterías | Dewey Decimal Classification |
| Koha [por defecto] tipo de item | Books |
| 990 ## - EQUIVALENCES OR CROSS-REFERENCES [LOCAL; CANADA] | |
| Link information for 9XX fields | emd |
| Suprimido | Estado de pérdida | Fuente de clasificación o esquema de ordenación en estanterías | Estropeado | No para préstamo | Localización permanente | Localización actual | Localización en estanterías | Fecha de adquisición | Fuente de adquisición | Calificador de ubicación codificada | Enumeración de seriadas / cronología | Número de inventario | Préstamos totales | Signatura completa | Código de barras | Fecha última consulta | Número de ejemplar | Identificador uniforme del recurso | Fecha del precio de reemplazo | Tipo de item de Koha |
|---|---|---|---|---|---|---|---|---|---|---|---|---|---|---|---|---|---|---|---|---|
| Dewey Decimal Classification | BIBLIOTECA ESPECIALIZADA DE LA PROCURADURIA DE LA ADMINISTRACION | BIBLIOTECA ESPECIALIZADA DE LA PROCURADURIA DE LA ADMINISTRACION | General Stacks | 04/21/2026 | Donación | Colección | 2021 | 3115 | 345.7287 K95 | 3115 | 04/21/2026 | e.1 | RDA | 04/21/2026 | Books |
